Sewing machine / (Record no. 417212)
[ view plain ]
| 000 -LEADER | |
|---|---|
| fixed length control field | 02136nom a22003737a 4500 |
| 001 - CONTROL NUMBER | |
| control field | 1396770051 |
| 003 - CONTROL NUMBER IDENTIFIER | |
| control field | OCoLC |
| 005 - DATE AND TIME OF LATEST TRANSACTION | |
| control field | 20260310155119.0 |
| 008 - FIXED-LENGTH DATA ELEMENTS--GENERAL INFORMATION | |
| fixed length control field | 230911i20112023xxu rneng d |
| 024 ## - OTHER STANDARD IDENTIFIER | |
| Source of number or code | UPC |
| Standard number or code | 037431886644 |
| 024 ## - OTHER STANDARD IDENTIFIER | |
| Source of number or code | Global Trade Identification Number |
| Standard number or code | 00037431886644 |
| 035 ## - SYSTEM CONTROL NUMBER | |
| System control number | (OCoLC)1396770051 |
| 040 ## - CATALOGING SOURCE | |
| Original cataloging agency | HE$ |
| Language of cataloging | eng |
| Transcribing agency | HE$ |
| Description conventions | rda |
| 092 ## - LOCALLY ASSIGNED DEWEY CALL NUMBER (OCLC) | |
| Classification number | lab kit |
| Item number | sewing machine |
| 110 2# - MAIN ENTRY--CORPORATE NAME | |
| Corporate name or jurisdiction name as entry element | Singer Corporation, |
| Relator term | manufacturer. |
| 9 (RLIN) | 6562184 |
| 245 00 - TITLE STATEMENT | |
| Title | Sewing machine / |
| Statement of responsibility, etc | SINGER. |
| 246 13 - VARYING FORM OF TITLE | |
| Title proper/short title | Sewing Machine Kit. |
| 246 03 - VARYING FORM OF TITLE | |
| Title proper/short title | Singer Sewing Machine. |
| 246 03 - VARYING FORM OF TITLE | |
| Title proper/short title | SINGER M1500 Mechanical Sewing Machine |
| 246 03 - VARYING FORM OF TITLE | |
| Title proper/short title | Singer M1500 |
| 264 #3 - Production, Publication, Distribution, Manufacture, and Copyright Notice. | |
| Place of production, publication, distribution, manufacture | Nashville, USA : |
| Name of producer, publisher, distributor, manufacturer | Singer Corporation, |
| Date of production, publication, distribution, manufacture, or copyr | 2020. |
| 300 ## - PHYSICAL DESCRIPTION | |
| Extent | 1 sewing machine |
| Other physical details | Metal, Plastic |
| Dimensions | 11.34"D x 14.57"W x 7.12"H |
| 336 ## - Content Type | |
| Content type term | three-dimensional form |
| 337 ## - Media type | |
| Media type term | unmediated |
| 338 ## - Carrier type | |
| Carrier type term | object |
| 490 0# - SERIES STATEMENT | |
| Series statement | Library Adventure Base Kits |
| 500 ## - GENERAL NOTE | |
| General note | WARNING: machine could cause injury. - Keep fingers clear while sewing. -Thread and pins are NOT included. -The Stitch Selector Dial allows for easy stitch selection. -Never sew without the presser foot in place to avoid fabric jams and needle damage. -Place the sewing machine on a stable surface. |
| 505 ## - FORMATTED CONTENTS NOTE | |
| Formatted contents note | Contents:<br/>- 1 sewing machine<br/>- 1 all-purpose foot<br/>- 1 zipper foot<br/>- 1 buttonhole foot<br/>- 1 power cord + foot pedal<br/>- 1 seam ripper/lint brush<br/>- replacement needles, <br/>- 4 bobbins<br/>- 1 spool pin felt<br/>- 1 darning plate<br/>- 1 screwdriver, <br/>- 1 carrying bag<br/>- 1 instruction manual |
| 520 ## - SUMMARY, ETC. | |
| Summary, etc | The SINGER M1500 is a lightweight, portable sewing machine designed for convenience and versatility, making it perfect for beginners, sewing classes, or small spaces. With essential techniques like zigzag and blind hem, this machine covers all your basic sewing and mending needs. Its preset stitch length and width eliminate guesswork, ensuring an easy, beginner-friendly experience. |
| 650 #0 - SUBJECT ADDED ENTRY--TOPICAL TERM | |
| Topical term or geographic name as entry element | Sewing machines. |
| 9 (RLIN) | 91310 |
| 650 #0 - SUBJECT ADDED ENTRY--TOPICAL TERM | |
| Topical term or geographic name as entry element | Sewing |
| General subdivision | Equipment and supplies. |
| 9 (RLIN) | 91309 |
| 650 #0 - SUBJECT ADDED ENTRY--TOPICAL TERM | |
| Topical term or geographic name as entry element | Tools. |
| 942 ## - ADDED ENTRY ELEMENTS (KOHA) | |
| Source of classification or shelving scheme | Dewey Decimal Classification |
| Koha item type | Creative Kit |
| Withdrawn status | Lost status | Source of classification or shelving scheme | Damaged status | Not for loan | Collection code | Home library | Current library | Shelving location | Date acquired | Source of acquisition | Total Checkouts | Full call number | Barcode | Date last seen | Cost, replacement price | Price effective from | Koha item type |
|---|---|---|---|---|---|---|---|---|---|---|---|---|---|---|---|---|---|
| Dewey Decimal Classification | Lab Kits | Wasatch County Library | Wasatch County Library | First Floor | 03/11/2026 | Amazon | LAB KIT: Sewing Machine | 34301002025965 | 03/11/2026 | 149.99 | 03/11/2026 | Creative Kit |
